| 000 | 00682nam a2200181Ia 4500 | ||
|---|---|---|---|
| 008 | 090124s9999 xx 000 0 und d | ||
| 082 | _b19496 | ||
| 100 | _aसाधुदास | ||
| 245 | _a" श्रीरामायण महाकाव्य, गृहविहार" | ||
| 250 | _a0 | ||
| 260 |
_bअनंत विनायक पटवर्धन _c1928 |
||
| 300 | _a141 | ||
| 600 | _aसाधुदास | ||
| 630 | _a" श्रीरामायण महाकाव्य, गृहविहार" | ||
| 700 | _aसाधुदास | ||
| 730 | _a" श्रीरामायण महाकाव्य, गृहविहार" | ||
| 942 | _cBOOK | ||
| 999 |
_c90355 _d90355 |
||